Home truths (Record no. 79066)

MARC details
000 -LEADER
fixed length control field 01291cab a22002055a 4500
001 - CONTROL NUMBER
control field L139708
008 - FIXED-LENGTH DATA ELEMENTS--GENERAL INFORMATION
fixed length control field 070806e20070806xxk g 000 0 eng d
035 ## - SYSTEM CONTROL NUMBER
System control number (Sirsi) u139708
041 0# - LANGUAGE CODE
Language code of text/sound track or separate title eng
110 2# - MAIN ENTRY--CORPORATE NAME
Corporate name or jurisdiction name as entry element National Housing Federation
9 (RLIN) 695
245 00 - TITLE STATEMENT
Title Home truths
Remainder of title house prices to break £300k barrier by 2012
Medium [electronic resource]
260 ## - PUBLICATION, DISTRIBUTION, ETC.
Date of publication, distribution, etc. 2007
490 ## - SERIES STATEMENT
Series statement National Housing Federation Press Release
Volume/sequential designation 6 August 2007
520 ## - SUMMARY, ETC.
Summary, etc. Describes key details of the National Housing Federation's report on projected house price trends. Headline findings are that the average house price rise by 40% to £302 400 by 2012, with London averages surpassing £500 000. A housing crash is unlikely despite prices rising beyond the reach of most first-time buyers. The average house price is now 11 times the average salary. Housing supply is falling ever further behind demand. Over 1.6m households are on waiting lists for social homes. The Federation says that promised government investment in housing must be honoured.
590 ## - LOCAL NOTE (RLIN)
Local note KA NTK
651 #4 - SUBJECT ADDED ENTRY--GEOGRAPHIC NAME
Geographic name United Kingdom
Chronological subdivision
690 ## - LOCAL SUBJECT ADDED ENTRY--TOPICAL TERM (OCLC, RLIN)
Topical term or geographic name as entry element Residential property
9 (RLIN) 6266
856 48 - ELECTRONIC LOCATION AND ACCESS
Uniform Resource Identifier <a href="https://www.housing.org.uk/default.aspx?tabid=212&mid=828&ctl=Details&ArticleID=608">https://www.housing.org.uk/default.aspx?tabid=212&mid=828&ctl=Details&ArticleID=608</a>
Public note View the article free of charge at www.housing.org.uk...
942 ## - ADDED ENTRY ELEMENTS (KOHA)
Suppress in OPAC 0
Holdings
Withdrawn status Lost status Source of classification or shelving scheme Damaged status Not for loan Home library Current library Shelving location Date acquired Total Checkouts Full call number Barcode Date last seen Copy number Price effective from Koha item type
    Dewey Decimal Classification     Virtual Virtual Online 06/08/2007   ONLINE PUBLICATION 139708-1001 06/08/2019 1 06/08/2019 Journal article